书目信息 |
| 题名: |
论意义
|
|
| 作者: | 格雷马斯 著 ;吴泓缈 , 冯学俊 译 | |
| 分册: | 上 | |
| 出版信息: | 天津 百花文艺出版社 2005.06 |
|
| 页数: | 328页 | |
| 开本: | 21cm | |
| 丛书名: | 新世纪人文译丛 | |
| 单 册: | ||
| 中图分类: | B81 | |
| 科图分类: | ||
| 主题词: | 意义理论--yi yi li lun--研究 | |
| 电子资源: | ||
| ISBN: | 7-5306-4005-4 | |
| 000 | 01175nam 2200313 450 | |
| 001 | 012007301267 | |
| 005 | 20070930094515.65 | |
| 010 | @a7-5306-4005-4@dCNY30.00 (全2册) | |
| 100 | @a20070811d2005 km y0chiy0120 ea | |
| 101 | 1 | @achi@cfre |
| 102 | @aCN@b120000 | |
| 105 | @aa z 000yy | |
| 200 | 1 | @a论意义@Alun yi yi@e符号学论文集@h上@f(法) A. J. 格雷马斯著@F(fa)A.J.ge lei ma si zhu@g吴泓缈, 冯学俊译@Gwu hong miao,feng xue jun yi |
| 210 | @a天津@c百花文艺出版社@d2005.06 | |
| 215 | @a328页@c图@d21cm | |
| 225 | 2 | @a新世纪人文译丛@Axin shi ji ren wen yi cong |
| 300 | @a由法国外交部赞助 | |
| 312 | @a法文并列题名取自版权页。 | |
| 330 | @a本书分四部分,包括了关于语言的思考、语义结构、结构与历史、叙述语法的成分、叙事的行动元机构、结构语言学与诗学等。 | |
| 410 | 0 | @12001 @a新世纪人文译丛 |
| 500 | 10 | @aDu sens : essais semiotiques@mChinese |
| 517 | 1 | @a符号学论文集@Afu hao xue lun wen ji |
| 606 | 0 | @a意义理论@Ayi yi li lun@x研究 |
| 690 | @aB81@v4 | |
| 701 | 1 | @a格雷马斯@Age lei ma si@g(Gremas, Algirdas Julien)@4著 |
| 702 | 0 | @a吴泓缈@Awu hong miao@4译 |
| 702 | 0 | @a冯学俊@Afeng xue jun@4译 |
| 801 | 0 | @aCN@c20070930 |
| 905 | @dB81@eG277:1 | |
| 论意义:符号学论文集.上/(法) A. J. 格雷马斯著/吴泓缈, 冯学俊译.-天津:百花文艺出版社,2005.06 |
| 328页:图;21cm.-(新世纪人文译丛) |
| 由法国外交部赞助 |
| ISBN 7-5306-4005-4:CNY30.00 (全2册) |
| 本书分四部分,包括了关于语言的思考、语义结构、结构与历史、叙述语法的成分、叙事的行动元机构、结构语言学与诗学等。 |
| ● |
| 相关链接 |
|
|
|
正题名:论意义
索取号:B81/G277:1
 
预约/预借
| 序号 | 登录号 | 条形码 | 馆藏地/架位号 | 状态 | 备注 |
| 1 | 257945 | 202579450 | 社科库509/509社科库 20排2列3层/ [索取号:B81/G277:1] | 在馆 | |
| 2 | 257946 | 202579469 | 社科库509/509社科库 20排2列3层/ [索取号:B81/G277:1] | 在馆 | |
| 3 | 257947 | 202579478 | 社科库509/422社科库 45排1列3层/ [索取号:B81/G277:1] | 在馆 |